[Event "9th Bangabandhu Rapid Women 2021"]
[Site "Dhaka"]
[Date "2021.04.03"]
[Round "9.3"]
[White "Sultana, Sharmin Shirin"]
[Black "Parveen, Tanima"]
[Result "1-0"]
[WhiteElo "2002"]
[BlackElo "1984"]
[Annotator "TA"]
[PlyCount "65"]
[EventDate "2021.04.02"]
[EventType "swiss"]
[EventCountry "BAN"]
[SourceTitle "playchess.com"]
[Source "ChessBase"]
[SourceQuality "1"]

{[%evp 21,65,6,12,3,26,18,64,66,58,54,76,75,71,76,72,64,62,78,127,122,124,87,77,81,79,62,150,154,140,135,159,156,159,145,166,166,167,167,158,142,156,91,160,185,339,333]} 1. d4 d5 2. Nf3 Nf6 3. Bf4 e6 4. e3 Be7 5. h3 O-O 6. Bd3 c5 7. c3 Nc6 8. O-O b6 9. Nbd2 Bb7 10. Ne5 Rc8 11. Qe2 Nxe5 12. dxe5 {D02: 1 d4 d5 2 Nf3 sidelines, including 2...Nf6 3 g3 and 2...Nf6 3 Bf4.} Nd7 {[#]} 13. e4 $146 (13. Qg4 {is more complex.} c4 14. Bc2 Re8 15. Rfd1 Qc7 16. Nf3) ({Predecessor:} 13. Qg4 Re8 14. Bh6 g6 15. f4 {1-0 (15) Rodriguez Perez,J (1902)-Climent Benitez,A (1372) Las Palmas 2012}) 13... Bg5 14. Bxg5 {White is slightly better.} Qxg5 15. f4 Qh4 16. Ba6 Bxa6 17. Qxa6 Rc7 18. exd5 exd5 19. Qd3 Rd8 20. Rad1 Nf8 21. f5 Rcd7 22. Nf3 Qe4 23. Rfe1 (23. g4 {feels hotter.} h6 24. Qd2 d4 25. cxd4 cxd4 26. Qd3) 23... Qxd3 ({Black should play} 23... Qf4 $14) 24. Rxd3 $16 g6 {[#]} 25. g4 h6 26. Kf2 Kg7 27. Red1 Kg8 28. Kg3 Kg7 29. Kf4 Kg8 30. Ne1 Kg7 31. Ng2 ({Better is} 31. R3d2) 31... Nh7 ({Black should try} 31... g5+ 32. Kf3 a6) 32. Ne3 Ng5 $2 {[#]} (32... d4) 33. h4 {Weighted Error Value: White=0.08/Black=0.25} ({Not} 33. Nxd5 c4 $18) (33. Rxd5 Rxd5 34. Nxd5 (34. Rxd5 Rxd5 35. Nxd5 Nxh3+ 36. Kg3 Ng5 $16) 34... Nxh3+ 35. Kg3 Ng5 $16) 1-0

[Event "9th Bangabandhu Rapid Women 2021"]
[Site "Dhaka"]
[Date "2021.04.03"]
[Round "9.4"]
[White "Jannatul, Ferdous"]
[Black "Israt, Jahan Diba"]
[Result "0-1"]
[WhiteElo "1781"]
[BlackElo "1675"]
[Annotator "NA RC"]
[PlyCount "197"]
[EventDate "2021.04.02"]
[EventType "swiss"]
[EventCountry "BAN"]
[SourceTitle "playchess.com"]
[Source "ChessBase"]
[SourceQuality "1"]
[TimeControl "1500+10"]

1. d4 {[%emt 0:25:10]} d5 {[%emt 0:25:10]} 2. Bf4 {[%emt 0:00:10]} Nf6 {[%emt 0:00:10]} 3. Nf3 {[%emt 0:00:10]} c5 {[%emt 0:00:10]} 4. e3 {[%emt 0:00:10]} Nc6 {[%emt 0:00:10]} 5. c3 {[%emt 0:00:10]} Qb6 {[%emt 0:00:10]} 6. Qb3 {[%emt 0:00:10]} c4 {[%emt 0:00:10]} 7. Qxb6 {[%emt 0:00:10]} axb6 {[%emt 0:00:10]} 8. Nbd2 {[%emt 0:00:10]} h6 {[%emt 0:00:10]} 9. Be2 {[%emt 0:00:10]} Bf5 {[%emt 0:00:10]} 10. O-O {[%emt 0:00:10]} e6 {[%emt 0:00:10]} 11. h3 {[%emt 0:00:10]} Be7 {[%emt 0:00:10]} 12. Ne5 {[%emt 0:00:10]} O-O {[%emt 0:00:10]} 13. b3 {[%emt 0:00:10]} b5 {[%emt 0:00:10]} 14. bxc4 {[%emt 0:00:10]} bxc4 {[%emt 0:00:10]} 15. a4 {[%emt 0:00:10]} Bc2 {[%emt 0:00:10]} 16. Bd1 {[%emt 0:00:10]} Bxd1 {[%emt 0:00:10]} 17. Rfxd1 {[%emt 0:00:10]} Ra6 {[%emt 0:00:10]} 18. Rdb1 {[%emt 0:00:10]} Ra7 {[%emt 0:00:10]} 19. Nxc6 {[%emt 0:00:10]} bxc6 {[%emt 0:00:10]} 20. Rb8 {[%emt 0:00:10]} Rxb8 {[%emt 0:00:10]} 21. Bxb8 {[%emt 0:00:10]} Rb7 {[%emt 0:00:10]} 22. Rb1 {[%emt 0:00:10]} Rxb1+ {[%emt 0:00:10]} 23. Nxb1 {[%emt 0:00:10]} Bd8 {[%emt 0:00:10]} 24. Bd6 {[%emt 0:00:10]} Ba5 {[%emt 0:00:10]} 25. f3 {[%emt 0:00:10]} Nd7 {[%emt 0:00:10]} 26. Bb4 {[%emt 0:00:10]} Bxb4 {[%emt 0:00:10]} 27. cxb4 {[%emt 0:00:10]} Nb8 {[%emt 0:00:10]} 28. Kf2 {[%emt 0:00:10]} Kf8 {[%emt 0:00:10]} 29. Ke2 {[%emt 0:00:10]} Ke7 {[%emt 0:00:10]} 30. Kd2 {[%emt 0:00:10]} Kd6 {[%emt 0:00:10]} 31. Kc3 {[%emt 0:00:10]} f6 {[%emt 0:00:10]} 32. Nd2 {[%emt 0:00:10]} e5 {[%emt 0:00:10]} 33. Nf1 {[%emt 0:00:10]} g6 {[%emt 0:00:10]} 34. g4 {[%emt 0:00:10]} f5 {[%emt 0:00:10]} 35. Ng3 {[%emt 0:00:10]} f4 {[%emt 0:00:10]} 36. exf4 {[%emt 0:00:10]} exf4 {[%emt 0:00:10]} 37. Ne2 {[%emt 0:00:10]} g5 {[%emt 0:00:10]} 38. Nc1 {[%emt 0:00:10]} Kc7 {[%emt 0:00:10]} 39. Na2 {[%emt 0:00:10]} Kb6 {[%emt 0:00:10]} 40. Nc1 {[%emt 0:00:10]} Nd7 {[%emt 0:00:10]} 41. Ne2 {[%emt 0:00:10]} Nf6 {[%emt 0:00:10]} 42. h4 {[%emt 0:00:10]} Ng8 {[%emt 0:00:10]} 43. hxg5 {[%emt 0:00:10]} hxg5 {[%emt 0:00:10]} 44. Ng1 {[%emt 0:00:10]} Nh6 {[%emt 0:00:10]} 45. Nh3 {[%emt 0:00:10]} Nf7 {[%emt 0:00:10]} 46. Nf2 {[%emt 0:00:10]} Nd6 {[%emt 0:00:10]} 47. Nd1 {[%emt 0:00:10]} Nc8 {[%emt 0:00:10]} 48. Kd2 {[%emt 0:00:10]} Ne7 {[%emt 0:00:10]} 49. Nc3 {[%emt 0:00:10]} Nc8 {[%emt 0:00:10]} 50. Ne2 {[%emt 0:00:10]} Nd6 {[%emt 0:00:10]} 51. Nc3 {[%emt 0:00:10]} Nc8 {[%emt 0:00:10]} 52. Ke2 {[%emt 0:00:10]} Nd6 {[%emt 0:00:10]} 53. Kd2 {[%emt 0:00:10]} Nc8 {[%emt 0:00:10]} 54. Nd1 {[%emt 0:00:10]} Nd6 {[%emt 0:00:10]} 55. Nf2 {[%emt 0:00:10]} Ka6 {[%emt 0:00:10]} 56. Kc3 {[%emt 0:00:10]} Kb6 {[%emt 0:00:10]} 57. Nd1 Nc8 {[%emt 0:00:10]} 58. Nf2 {[%emt 0:00:20]} Nd6 {[%emt 0:00:10]} 59. Nh3 {[%emt 0:00:10]} Nf7 {[%emt 0:00:10]} 60. Ng1 {[%emt 0:00:10]} Nd6 {[%emt 0:00:10]} 61. Ne2 {[%emt 0:00:10]} Nf7 {[%emt 0:00:10]} 62. Kb2 {[%emt 0:00:10]} Nd6 {[%emt 0:00:10]} 63. Nc3 {[%emt 0:00:10]} Nb7 {[%emt 0:00:10]} 64. Ka3 {[%emt 0:00:10]} Nd6 {[%emt 0:00:10]} 65. Ne2 {[%emt 0:00:10]} Nf7 {[%emt 0:00:10]} 66. Ng1 {[%emt 0:00:10]} Nd6 {[%emt 0:00:10]} 67. Kb2 {[%emt 0:00:10]} Ka6 {[%emt 0:00:10]} 68. Ne2 {[%emt 0:00:10]} Nf7 {[%emt 0:00:10]} 69. Nc3 {[%emt 0:00:10]} Kb6 {[%emt 0:00:10]} 70. Ka3 {[%emt 0:00:10]} Nd6 {[%emt 0:00:10]} 71. Ne2 {[%emt 0:00:10]} Nf7 {[%emt 0:00:10]} 72. Nc3 {[%emt 0:00:10]} Nd6 {[%emt 0:00:10]} 73. a5+ {[%emt 0:00:10]} Ka6 {[%emt 0:00:10]} 74. Ka4 {[%emt 0:00:10]} Nb5 {[%emt 0:00:10]} 75. Ne2 {[%emt 0:00:10]} Nd6 {[%emt 0:00:10]} 76. Ng1 {[%emt 0:00:10]} Nf7 {[%emt 0:00:10]} 77. Ne2 {[%emt 0:00:10]} Nd6 {[%emt 0:00:10]} 78. Nc3 {[%emt 0:00:10]} Nb5 {[%emt 0:00:10]} 79. Ne2 {[%emt 0:00:10]} Ka7 {[%emt 0:00:10]} 80. Ng1 {[%emt 0:00:10]} Nxd4 {[%emt 0:00:10]} 81. Ka3 {[%emt 0:00:10]} Ka6 {[%emt 0:00:10]} 82. Kb2 {[%emt 0:00:10]} Kb5 {[%emt 0:00:10]} 83. Kc3 {[%emt 0:00:10]} Ne6 {[%emt 0:00:10]} 84. Nh3 {[%emt 0:00:10]} c5 {[%emt 0:00:10]} 85. bxc5 {[%emt 0:00:10]} Kxc5 {[%emt 0:00:10]} 86. Nf2 {[%emt 0:00:10]} Kb5 {[%emt 0:00:10]} 87. a6 {[%emt 0:00:10]} Kxa6 {[%emt 0:00:10]} 88. Kb4 Kb6 {[%emt 0:00:10]} 89. Nh3 {[%emt 0:00:20]} Kc6 {[%emt 0:00:10]} 90. Nf2 {[%emt 0:00:10]} Nd4 {[%emt 0:00:10]} 91. Nh3 {[%emt 0:00:10]} Nxf3 {[%emt 0:00:10]} 92. Nf2 {[%emt 0:00:10]} Ne5 {[%emt 0:00:10]} 93. Nh3 {[%emt 0:00:10]} Nxg4 {[%emt 0:00:10]} 94. Nxg5 {[%emt 0:00:10]} Ne5 {[%emt 0:00:10]} 95. Nh3 {[%emt 0:00:10]} f3 {[%emt 0:00:10]} 96. Nf2 {[%emt 0:00:10]} Nd3+ {[%emt 0:00:10]} 97. Nxd3 {[%emt 0:00:10]} cxd3 {[%emt 0:00:10]} 98. Kc3 {[%emt 0:00:10]} f2 {[%emt 0:00:10]} 99. Kd4 {[%emt 0:00:10]} 0-1